|
|
|
|
| LEADER |
01920nam a2200349 a 4500 |
| 001 |
42856 |
| 003 |
BD-DhAAL |
| 005 |
20240811124755.0 |
| 008 |
240801t1984 enk b 001 0 eng c |
| 010 |
|
|
|a 84673593
|
| 020 |
|
|
|a 9781138811096
|
| 020 |
|
|
|a 9781315743660
|
| 020 |
|
|
|a 9781138813199
|
| 020 |
|
|
|a 978113882118
|
| 040 |
|
|
|a MH
|c MH
|d DLC
|d BD-DhAAL
|
| 043 |
|
|
|a aw-----
|
| 050 |
1 |
4 |
|a HQ1170
|b .M847x 1984b
|
| 082 |
|
|
|a 305.4862971
|2 19
|
| 245 |
0 |
0 |
|a Muslim women /
|c edited by Freda Hussain.
|
| 264 |
|
|
|a London :
|b Croom Helm;
|b Routledge,
|c 2015.
|
| 300 |
|
|
|a 228 pages ;
|c 23 cm.
|
| 490 |
|
|
|a Routledge library editions: women and religion ;
|v v. 2
|
| 504 |
|
|
|a Includes bibliographies and index.
|
| 505 |
0 |
|
|a Introduction: the ideal and contextual realities of Muslim women / Freda Hussain -- The status of women in early Islam / Barbara Freyer Stowasser -- The Islamic revolution and women / Freda Hussain and Kamelia Radwan -- Roles in transition / Debbie J. Gerner -- The literary treatment of women in North Africa / Anne-Marie Nisbet -- Early feminist movements in Turkey and Egypt / Leila Ahmed -- A traditional ceremony in an Islamic milieu in Malaysia / Heather Strange -- Islam and the legal status of women in Tunisia / Norma Salem -- Female education in Egypt / Hind A. Khattab and Syeda Greiss el-Daeiff -- The struggle of women in the national development in Pakistan / Freda Hussain -- Lessons from fieldwork in the Sudan / Carolyn Fleuhr-Lobban.
|
| 526 |
|
|
|a ESS
|
| 541 |
|
|
|a R C Corporation
|e 42856
|
| 650 |
|
0 |
|a Muslim women.
|
| 700 |
1 |
|
|a Hussain, Freda.
|9 56630
|
| 830 |
|
|
|a Routledge library editions: women and religion ;
|v v. 2
|9 56631
|
| 942 |
|
|
|2 ddc
|c BK
|
| 999 |
|
|
|c 46843
|d 46843
|
| 952 |
|
|
|0 0
|1 0
|2 ddc
|4 0
|6 305_486297100000000_MUS
|7 0
|9 75937
|a BRACUL
|b BRACUL
|c GEN
|d 2024-07-28
|e R K Corporation
|g 3725.00
|l 0
|o 305.4862971 MUS
|p 3010042856
|r 2024-07-28
|t 1
|v 3725.00
|w 2024-07-28
|y BK
|